[Event "ENCI Limburg-open B"]
[Site "Maastricht"]
[Date "2011.06.11"]
[Round "2"]
[White "Gunther, Marcella"]
[Black "Van der Scheur, Dirk"]
[Result "1/2-1/2"]
[WhiteElo "1904"]
[BlackElo "1895"]
[PlyCount "101"]
[EventDate "2011.06.10"]
[EventType "swiss"]
[EventRounds "7"]
[EventCountry "NED"]
[Source "P.Boonen"]
[SourceDate "2012.01.01"]

1. e4 c5 2. Nf3 d6 3. d4 cxd4 4. Nxd4 Nf6 5. Nc3 a6 6. Bg5 Nbd7 7. Qe2 e6 8.
O-O-O Be7 9. f4 O-O 10. g4 Qc7 11. h4 b5 12. Bxf6 Bxf6 13. g5 Bxd4 14. Rxd4 Qc5
15. Qd2 Nb6 16. Rxd6 Bb7 17. Qd4 Qxd4 18. Rxd4 Rfd8 19. Rxd8+ Rxd8 20. Bd3 b4
21. Nd1 Rd4 22. Nf2 Na4 23. Rd1 Nc5 24. Be2 Rxd1+ 25. Kxd1 a5 26. Bd3 h6 27. a3
hxg5 28. hxg5 f6 29. gxf6 gxf6 30. axb4 axb4 31. Bc4 Bxe4 32. Nxe4 Nxe4 33.
Bxe6+ Kf8 34. Ke2 Ke7 35. Bd5 Nc5 36. Ke3 Kd6 37. Kd4 Na4 38. b3 Nc3 39. Bf3
Ke6 40. Bg4+ Kd6 41. Bf3 Ke6 42. Kc4 Na2 43. Be4 Kd6 44. Bf5 Kc6 45. Be6 Kd6
46. Bg8 Kc6 47. Bh7 Kd6 48. Be4 Nc3 49. Bf3 Na2 50. Be4 Nc3 51. Bf3 1/2-1/2

[Event "ENCI Limburg-open B"]
[Site "Maastricht"]
[Date "2011.06.11"]
[Round "2"]
[White "Heijenrath, Jan"]
[Black "De Niet, Shotaro"]
[Result "1/2-1/2"]
[WhiteElo "1782"]
[BlackElo "1792"]
[PlyCount "121"]
[EventDate "2011.06.10"]
[EventType "swiss"]
[EventRounds "7"]
[EventCountry "NED"]
[Source "P.Boonen"]
[SourceDate "2012.01.01"]

1. d4 c6 2. e4 d5 3. exd5 cxd5 4. c4 Nf6 5. Nc3 e6 6. Bg5 Be7 7. Nf3 Nc6 8. c5
O-O 9. Bb5 Ne4 10. Bxe7 Nxe7 11. Qc2 b6 12. Nxe4 dxe4 13. Qxe4 bxc5 14. Bd3 f5
15. Qxa8 Qc7 16. O-O Bd7 17. Qxf8+ Kxf8 18. Rfc1 Qb6 19. dxc5 Qxb2 20. Rab1 Qa3
21. Ne5 Nc6 22. Nxd7+ Ke7 23. Rd1 Kxd7 24. Bxf5+ Ke7 25. Bxe6 Qxc5 26. Bd5 Nd4
27. Re1+ Kf6 28. Bb3 Qc3 29. Re3 Qd2 30. Rd1 Qb4 31. Red3 Ne2+ 32. Kf1 Nc3 33.
Re1 Qb5 34. Re6+ Kf5 35. Red6 g6 36. f3 Kg5 37. g3 Kh6 38. Kg2 Qe5 39. Rd2 Nb1
40. Rd1 Qe2+ 41. Kh3 Nc3 42. R1d3 Kh5 43. g4+ Kh6 44. Bd1 Nxd1 45. Rxd1 Qxf3+
46. Kh4 Qf2+ 47. Kh3 Qf3+ 48. Kh4 Qf4 49. Kh3 Kg5 50. R1d5+ Kh6 51. Rd2 Qf1+
52. Kh4 Qe1+ 53. Kh3 Qe3+ 54. Kh4 Qg5+ 55. Kg3 Qc5 56. h4 Qg1+ 57. Kf3 Qh1+ 58.
Kg3 Qe1+ 59. Kh3 Qe3+ 60. Kg2 Qe4+ 61. Kg3 1/2-1/2

[Event "ENCI Limburg-open B"]
[Site "Maastricht"]
[Date "2011.06.11"]
[Round "2"]
[White "Hogerhorst, Tony"]
[Black "Senders, Mischa"]
[Result "1-0"]
[WhiteElo "1865"]
[BlackElo "1746"]
[PlyCount "55"]
[EventDate "2011.06.10"]
[EventType "swiss"]
[EventRounds "7"]
[EventCountry "NED"]
[Source "P.Boonen"]
[SourceDate "2012.01.01"]

1. c4 Nf6 2. Nc3 g6 3. e4 d6 4. d4 Bg7 5. Be2 O-O 6. Be3 Nbd7 7. h3 c5 8. Nf3
cxd4 9. Nxd4 Nc5 10. Qc2 a5 11. Rd1 Bd7 12. O-O Qc8 13. Nf3 Be6 14. Ng5 Bd7 15.
f4 h6 16. Nf3 b6 17. Kh2 Qb7 18. e5 Bf5 19. Qc1 dxe5 20. fxe5 Nfd7 21. Bxh6
Nxe5 22. Bxg7 Kxg7 23. Nxe5 Qb8 24. Rxf5 gxf5 25. Qg5+ Kh8 26. Qh4+ Kg8 27.
Qg3+ Kh8 28. Rd4 1-0

[Event "ENCI Limburg-open B"]
[Site "Maastricht"]
[Date "2011.06.11"]
[Round "2"]
[White "Hollands, Maxim"]
[Black "Schloemer, Armin"]
[Result "0-1"]
[WhiteElo "1851"]
[BlackElo "1717"]
[PlyCount "69"]
[EventDate "2011.06.10"]
[EventType "swiss"]
[EventRounds "7"]
[EventCountry "NED"]
[Source "P.Boonen"]
[SourceDate "2012.01.01"]

1. d4 e6 2. c4 f5 3. Nc3 Nf6 4. g3 Be7 5. Bg2 O-O 6. Nf3 d6 7. O-O Nc6 8. b3 e5
9. d5 Nb8 10. Nd2 Nbd7 11. e4 Nc5 12. b4 Nd3 13. Nb3 Nxc1 14. Rxc1 fxe4 15.
Nxe4 Nxe4 16. Bxe4 Qd7 17. Nd2 Bg5 18. Rc2 Qg4 19. Qe1 Qh5 20. Bg2 Bxd2 21.
Rxd2 a5 22. b5 b6 23. Qe3 Bg4 24. f3 Bd7 25. Rdf2 Rf6 26. f4 Raf8 27. fxe5 Rxf2
28. Rxf2 Rxf2 29. Kxf2 Qxe5 30. Qxe5 dxe5 31. Ke3 Kf7 32. Ke4 Kf6 33. d6 c6 34.
a4 Bf5+ 35. Ke3 0-1

[Event "ENCI Limburg-open B"]
[Site "Maastricht"]
[Date "2011.06.11"]
[Round "2"]
[White "Holwijn, Melvin"]
[Black "Lenaerts, Lennert"]
[Result "0-1"]
[WhiteElo "2009"]
[BlackElo "1867"]
[PlyCount "106"]
[EventDate "2011.06.10"]
[EventType "swiss"]
[EventRounds "7"]
[EventCountry "NED"]
[Source "P.Boonen"]
[SourceDate "2012.01.01"]

1. d4 Nf6 2. c4 c5 3. Nf3 g6 4. Nc3 Bg7 5. d5 d6 6. e4 O-O 7. Be2 a6 8. O-O b5
9. cxb5 axb5 10. Bxb5 Ba6 11. Bxa6 Rxa6 12. Qe2 Ra7 13. h3 Nbd7 14. Be3 Qa5 15.
Nd2 Rb7 16. Nc4 Qa6 17. a3 Rfb8 18. Rfe1 Nb6 19. Nxb6 Qxe2 20. Rxe2 Rxb6 21.
Ra2 Rb3 22. e5 Nd7 23. Bg5 Bxe5 24. Rc2 f6 25. Be3 Nb6 26. a4 Bxc3 27. Rxc3
Rxc3 28. bxc3 Nxd5 29. Bd2 Ra8 30. a5 Nb6 31. a6 Nc4 32. Be1 Ne5 33. Kf1 Kf7
34. Ke2 Ke6 35. f4 Nc6 36. Kd3 Nb8 37. a7 Nc6 38. Ra6 Kd7 39. Ke4 Rxa7 40.
Rxa7+ Nxa7 41. f5 g5 42. c4 Nc6 43. Bc3 h5 44. h4 gxh4 45. Be1 Ne5 46. Kd5 Ng4
47. Ke4 Ne5 48. Kd5 Nd3 49. Bxh4 Nf4+ 50. Ke4 Nxg2 51. Bf2 h4 52. Kf3 h3 53.
Kg3 Nh4 0-1

[Event "ENCI Limburg-open B"]
[Site "Maastricht"]
[Date "2011.06.11"]
[Round "2"]
[White "Huebben, Dominik"]
[Black "Daamen, Roland"]
[Result "0-1"]
[WhiteElo "1747"]
[BlackElo "1858"]
[PlyCount "106"]
[EventDate "2011.06.10"]
[EventType "swiss"]
[EventRounds "7"]
[EventCountry "NED"]
[Source "P.Boonen"]
[SourceDate "2012.01.01"]

1. e4 c5 2. c3 d5 3. exd5 Qxd5 4. d4 Nc6 5. Nf3 Bg4 6. Be2 cxd4 7. cxd4 e6 8.
O-O Nf6 9. Nc3 Qa5 10. h3 Bh5 11. a3 Bd6 12. Be3 O-O 13. b4 Qd8 14. b5 Ne7 15.
Qb3 Ned5 16. Rac1 Nxc3 17. Rxc3 Nd5 18. Rc2 Qe7 19. a4 Rfd8 20. Ne5 Bxe2 21.
Rxe2 Rac8 22. Nc4 Rd7 23. Nxd6 Qxd6 24. Rc2 Rxc2 25. Qxc2 Rc7 26. Qb2 Rc3 27.
Rc1 Qc7 28. Bd2 Rxc1+ 29. Bxc1 Qc3 30. g3 Kf8 31. Qxc3 Nxc3 32. Ba3+ Ke8 33.
Bc5 b6 34. Bb4 Nxa4 35. Kf1 Nb2 36. Ke2 Kd7 37. Bf8 g6 38. Kf3 Nc4 39. Ke4 f5+
40. Kf4 Nd6 41. Kg5 Nxb5 42. Kh6 Ke8 43. Bg7 a5 44. Kxh7 Kf7 45. f3 a4 46. g4
Nc3 47. h4 Nd5 48. Bh6 fxg4 49. fxg4 Nf6+ 50. Kh8 Nxg4 51. Bc1 Nf6 52. Ba3 b5
53. Bd6 Nd5 0-1

[Event "ENCI Limburg-open B"]
[Site "Maastricht"]
[Date "2011.06.11"]
[Round "2"]
[White "Ibrahim, Ashraf"]
[Black "Bieberle, Gerhart"]
[Result "1-0"]
[WhiteElo "1802"]
[BlackElo "1900"]
[PlyCount "103"]
[EventDate "2011.06.10"]
[EventType "swiss"]
[EventRounds "7"]
[EventCountry "NED"]
[Source "P.Boonen"]
[SourceDate "2012.01.01"]

1. d4 Nf6 2. c4 g6 3. Nc3 Bg7 4. e4 d6 5. f3 O-O 6. Be3 Nc6 7. Qd2 e5 8. d5 Ne7
9. Bd3 c6 10. Nge2 c5 11. g4 Ne8 12. h4 f6 13. Ng3 Rf7 14. a3 Bd7 15. Ke2 Kf8
16. b4 b6 17. bxc5 bxc5 18. Rab1 Ng8 19. Rb7 Qc8 20. Rhb1 Bxg4 21. Rxf7+ Kxf7
22. fxg4 Qxg4+ 23. Kf2 Qxh4 24. Rh1 Qg4 25. Nf5 gxf5 26. Be2 Qg6 27. Bh5 f4 28.
Bxf4 exf4 29. Qxf4 Rd8 30. Nb5 Rd7 31. Qf5 Re7 32. Rg1 Kf8 33. Bxg6 hxg6 34.
Rxg6 Rf7 35. Rg3 a6 36. Nc3 Nh6 37. Qc8 f5 38. Rxg7 Rxg7 39. exf5 Rf7 40. Qxa6
Nxf5 41. Ke1 Nd4 42. Nb5 Re7+ 43. Kd1 Nf5 44. Kd2 Re4 45. Qc8 Ne7 46. Qd8 Kf7
47. Nxd6+ Nxd6 48. Qxd6 Rxc4 49. Qe6+ Kf8 50. d6 Rd4+ 51. Ke2 Nc6 52. Qc8+ 1-0

[Event "ENCI Limburg-open B"]
[Site "Maastricht"]
[Date "2011.06.11"]
[Round "2"]
[White "Ingelaere, Frederic"]
[Black "Staudte, Rainer"]
[Result "1/2-1/2"]
[WhiteElo "1767"]
[BlackElo "1955"]
[PlyCount "49"]
[EventDate "2011.06.10"]
[EventType "swiss"]
[EventRounds "7"]
[EventCountry "NED"]
[Source "P.Boonen"]
[SourceDate "2012.01.01"]

1. e4 c5 2. Nf3 Nc6 3. d4 cxd4 4. Nxd4 g6 5. Be3 Nf6 6. Nc3 Bg7 7. Bc4 Qa5 8.
O-O O-O 9. Bb3 d6 10. Kh1 Ng4 11. Nxc6 bxc6 12. Bd2 Qh5 13. h3 Bd4 14. Kg1 Nf6
15. Qxh5 Nxh5 16. Bh6 Rd8 17. Kh2 Nf6 18. f3 Nd7 19. Na4 Nb6 20. c3 Bf6 21. Be3
Rb8 22. Rf2 Ba6 23. Nxb6 axb6 24. Rd1 c5 25. Rfd2 1/2-1/2

[Event "ENCI Limburg-open B"]
[Site "Maastricht"]
[Date "2011.06.11"]
[Round "2"]
[White "Ingelaere, Tijl"]
[Black "Maassen van den Brink, Koen"]
[Result "1/2-1/2"]
[WhiteElo "1737"]
[BlackElo "1982"]
[PlyCount "71"]
[EventDate "2011.06.10"]
[EventType "swiss"]
[EventRounds "7"]
[EventCountry "NED"]
[Source "P.Boonen"]
[SourceDate "2012.01.01"]

1. e4 e5 2. Nf3 Nc6 3. d4 exd4 4. Bc4 Nf6 5. e5 d5 6. Bb5 Ne4 7. Nxd4 Bc5 8.
Be3 Bd7 9. Bxc6 bxc6 10. Nd2 Nxd2 11. Qxd2 O-O 12. O-O f6 13. Nb3 Bxe3 14. Qxe3
Re8 15. f4 a5 16. Qd4 fxe5 17. fxe5 Qg5 18. Rae1 Bf5 19. Qf4 Qxf4 20. Rxf4 Bxc2
21. Nd4 Be4 22. Nxc6 a4 23. Rc1 Ra6 24. Nd4 Rb6 25. Rf2 Rb4 26. Nc6 Rc4 27.
Rff1 Bd3 28. Rfe1 Rxc1 29. Rxc1 Bc4 30. a3 Re6 31. Na5 Rxe5 32. Nxc4 dxc4 33.
Rxc4 Rb5 34. Rxc7 Rxb2 35. Ra7 Rb1+ 36. Kf2 1/2-1/2

[Event "ENCI Limburg-open B"]
[Site "Maastricht"]
[Date "2011.06.11"]
[Round "2"]
[White "Jansen, Michiel"]
[Black "Schubert, Karl"]
[Result "1-0"]
[WhiteElo "1849"]
[BlackElo "1838"]
[PlyCount "131"]
[EventDate "2011.06.10"]
[EventType "swiss"]
[EventRounds "7"]
[EventCountry "NED"]
[Source "P.Boonen"]
[SourceDate "2012.01.01"]

1. e4 d6 2. d4 Nf6 3. Nc3 g6 4. f4 Bg7 5. Nf3 O-O 6. Be2 c5 7. Be3 cxd4 8. Nxd4
Nc6 9. Nb3 a5 10. Bf3 Be6 11. O-O a4 12. Nd4 Bc4 13. Re1 a3 14. b3 Be6 15. Ncb5
Bd7 16. c4 Ne8 17. Nc3 e5 18. Nxc6 bxc6 19. fxe5 Bxe5 20. Bd4 Qf6 21. Bxe5 Qxe5
22. Qd2 Be6 23. Rad1 f6 24. Ne2 Kf7 25. Qb4 Ra7 26. Qb6 Rc7 27. Nd4 Bd7 28. Nc2
Qb2 29. Nb4 Qe5 30. Na6 Rc8 31. Qb7 Rd8 32. Nb8 Rxb8 33. Qxb8 h5 34. Qb7 Ke7
35. Qb4 Nc7 36. Qd2 Rh8 37. Qd4 Ne6 38. Qxe5 fxe5 39. b4 Rb8 40. Rb1 Nd4 41.
Bd1 Be6 42. Re3 Bxc4 43. Rxa3 Rf8 44. Ra7+ Kf6 45. Bb3 Bd3 46. Re1 Rb8 47. Rd7
Rxb4 48. Rxd6+ Kg5 49. Bf7 Kh6 50. Rxg6+ Kh7 51. Rg5 c5 52. Rxe5 c4 53. Rc5 Ra4
54. e5 Ra7 55. Bxc4 Bxc4 56. Rxc4 Ne6 57. a4 Kg6 58. Rf1 Ng5 59. h4 Nf7 60. Re4
Re7 61. a5 Kg7 62. a6 Nd6 63. exd6 Rxe4 64. a7 Ra4 65. d7 Rxa7 66. d8=Q 1-0

[Event "ENCI Limburg-open B"]
[Site "Maastricht"]
[Date "2011.06.11"]
[Round "2"]
[White "Karstens, Lex"]
[Black "De Bruin, Joost"]
[Result "1/2-1/2"]
[WhiteElo "1861"]
[BlackElo "1778"]
[PlyCount "73"]
[EventDate "2011.06.10"]
[EventType "swiss"]
[EventRounds "7"]
[EventCountry "NED"]
[Source "P.Boonen"]
[SourceDate "2012.01.01"]

1. d4 Nf6 2. Bg5 d5 3. Bxf6 exf6 4. e3 Bd6 5. c4 c6 6. Nc3 dxc4 7. Bxc4 O-O 8.
Qc2 Nd7 9. Bd3 g6 10. h4 Nb6 11. h5 f5 12. g4 Qf6 13. gxf5 Bxf5 14. Bxf5 Qxf5
15. Qxf5 gxf5 16. Nf3 Kg7 17. O-O-O Kf6 18. Rhg1 Rg8 19. Kc2 h6 20. e4 fxe4 21.
Nxe4+ Ke6 22. Rge1 Nd5 23. Nc5+ Kf6 24. Nxb7 Bb4 25. Rg1 Rxg1 26. Rxg1 Rb8 27.
Nc5 Bxc5 28. dxc5 Rb5 29. Nd4 Rxc5+ 30. Kb3 Ne7 31. Rh1 a5 32. Rh3 Ke5 33. Rh4
Nf5 34. Nf3+ Kd5 35. Rf4 Ke6 36. Re4+ Kd6 37. Rf4 1/2-1/2

[Event "ENCI Limburg-open B"]
[Site "Maastricht"]
[Date "2011.06.11"]
[Round "2"]
[White "Keetman, Maaike"]
[Black "Koelmans, Jan Willem"]
[Result "0-1"]
[WhiteElo "1657"]
[BlackElo "2023"]
[PlyCount "76"]
[EventDate "2011.06.10"]
[EventType "swiss"]
[EventRounds "7"]
[EventCountry "NED"]
[Source "P.Boonen"]
[SourceDate "2012.01.01"]

1. e4 c5 2. Nc3 Nc6 3. f4 e6 4. Nf3 d5 5. Bb5 d4 6. Ne2 Bd7 7. O-O a6 8. Bxc6
Bxc6 9. d3 Be7 10. c3 dxc3 11. bxc3 Nf6 12. Ne5 Qc7 13. Be3 Rd8 14. Qe1 O-O 15.
Qf2 b6 16. a4 Bb7 17. Rab1 Nd7 18. Nc4 Bc6 19. Ra1 b5 20. axb5 axb5 21. Na5 Ra8
22. Nb3 Bb7 23. f5 c4 24. dxc4 bxc4 25. Nd2 Nf6 26. Rxa8 Bxa8 27. Ng3 Ng4 28.
Qf4 Qxf4 29. Bxf4 Bc5+ 30. Kh1 Nf2+ 31. Kg1 Nxe4+ 32. Kh1 Nxd2 33. Bxd2 Rd8 34.
Bf4 e5 35. Bc1 Rd3 36. Ne2 f6 37. Re1 Kf7 38. Rf1 h5 0-1

[Event "ENCI Limburg-open B"]
[Site "Maastricht"]
[Date "2011.06.11"]
[Round "2"]
[White "Klein, Gernot"]
[Black "Blijlevens, Pim"]
[Result "1-0"]
[WhiteElo "1899"]
[BlackElo "1920"]
[PlyCount "69"]
[EventDate "2011.06.10"]
[EventType "swiss"]
[EventRounds "7"]
[EventCountry "NED"]
[Source "P.Boonen"]
[SourceDate "2012.01.01"]

1. e4 c5 2. Nf3 Nc6 3. Nc3 g6 4. d4 cxd4 5. Nxd4 Bg7 6. Be3 Nf6 7. Bc4 O-O 8.
Bb3 d6 9. f3 Nd7 10. Qd2 Nxd4 11. Bxd4 Bxd4 12. Qxd4 Nc5 13. O-O-O Nxb3+ 14.
axb3 Be6 15. Kb1 Qa5 16. g4 Rac8 17. h4 Qc5 18. Qd2 b5 19. g5 b4 20. Nd5 Bxd5
21. exd5 a5 22. h5 Kg7 23. Rh4 f5 24. Qe2 Qc7 25. Re1 Rf7 26. hxg6 Kxg6 27. Rc4
Qd7 28. Qh2 Kg7 29. Qh6+ Kg8 30. g6 Rg7 31. gxh7+ Kh8 32. Qf4 Rxc4 33. Qxc4
Rxh7 34. Rg1 e6 35. dxe6 1-0

[Event "ENCI Limburg-open B"]
[Site "Maastricht"]
[Date "2011.06.11"]
[Round "2"]
[White "Kranenburg, Sebastiaan"]
[Black "Cornelius, Jorg"]
[Result "0-1"]
[WhiteElo "1618"]
[BlackElo "2031"]
[PlyCount "54"]
[EventDate "2011.06.10"]
[EventType "swiss"]
[EventRounds "7"]
[EventCountry "NED"]
[Source "P.Boonen"]
[SourceDate "2012.01.01"]

1. e4 Nf6 2. Nc3 d5 3. exd5 Nxd5 4. Nge2 e5 5. a3 Nc6 6. d3 Bg4 7. Nxd5 Qxd5 8.
Nc3 Qd7 9. Be2 Bxe2 10. Qxe2 O-O-O 11. O-O Nd4 12. Qd1 h5 13. b4 Qc6 14. Bb2 h4
15. h3 Rh6 16. f3 Rg6 17. Kh1 Be7 18. Ra2 Qe6 19. Re1 Rg3 20. Ne4 Nxf3 21. Nxg3
Nxe1 22. Ra1 Nxg2 23. Kxg2 hxg3 24. Qg4 f5 25. Qxg7 Bf6 26. Qh6 Qc6+ 27. Kg1
Qxc2 0-1

[Event "ENCI Limburg-open B"]
[Site "Maastricht"]
[Date "2011.06.11"]
[Round "2"]
[White "Lafosse, Jimmy"]
[Black "Singh, Marcel"]
[Result "1-0"]
[WhiteElo "2037"]
[BlackElo "1904"]
[PlyCount "81"]
[EventDate "2011.06.10"]
[EventType "swiss"]
[EventRounds "7"]
[EventCountry "NED"]
[Source "P.Boonen"]
[SourceDate "2012.01.01"]

1. e4 Nf6 2. e5 Nd5 3. Nc3 Nb6 4. d4 d6 5. f4 dxe5 6. fxe5 Bf5 7. Be3 e6 8. Bd3
Bg6 9. Nf3 Be7 10. Qe2 Nd5 11. Nxd5 Qxd5 12. O-O O-O 13. c4 Qd7 14. Rad1 Nc6
15. Bxg6 hxg6 16. d5 exd5 17. cxd5 Nb4 18. Qd2 Rfd8 19. d6 Qg4 20. Qd4 Qxd4 21.
Rxd4 c5 22. Rd2 Bf8 23. Bxc5 Nxa2 24. Ra1 Rdc8 25. Rd5 b6 26. Ba3 Rc1+ 27. Rd1
Rac8 28. Raxc1 Nxc1 29. d7 Rd8 30. Rxc1 Bxa3 31. bxa3 Rxd7 32. Rc8+ Kh7 33. h4
f6 34. e6 Re7 35. Nd4 f5 36. Rd8 a6 37. Rd7 Re8 38. e7 Kg8 39. Nc6 Kf7 40. Rb7
b5 41. Rb6 1-0

[Event "ENCI Limburg-open B"]
[Site "Maastricht"]
[Date "2011.06.11"]
[Round "2"]
[White "Lecomte, Robin"]
[Black "Sofic, Narcis"]
[Result "1/2-1/2"]
[WhiteElo "1791"]
[BlackElo "1906"]
[PlyCount "129"]
[EventDate "2011.06.10"]
[EventType "swiss"]
[EventRounds "7"]
[EventCountry "NED"]
[Source "P.Boonen"]
[SourceDate "2012.01.01"]

1. Nf3 Nf6 2. g3 g6 3. Bg2 Bg7 4. d4 d5 5. c4 c6 6. Nc3 O-O 7. O-O Bf5 8. Qb3
Qb6 9. Qxb6 axb6 10. cxd5 Nxd5 11. Nxd5 cxd5 12. Bf4 Nc6 13. Rfd1 Be4 14. Ne5
Bxe5 15. Bxe5 Bxg2 16. Kxg2 Ra4 17. b3 Ra3 18. Rd2 Rfa8 19. Rb2 b5 20. e3 Nb4
21. Bc7 Rxa2 22. Rbxa2 Rxa2 23. Rxa2 Nxa2 24. Bb6 b4 25. Kf1 e6 26. Ke2 Kf8 27.
Bc5+ Ke8 28. Kd3 Kd7 29. Kc2 Kc6 30. Kb2 Nc3 31. f3 Nd1+ 32. Kc1 Nxe3 33. g4
Nf1 34. Kd1 Ne3+ 35. Kd2 Ng2 36. Be7 Nf4 37. Ke3 Kd7 38. Bxb4 g5 39. Bf8 Ng6
40. Ba3 f6 41. Bb4 e5 42. Ba5 Ke6 43. Bb6 Ne7 44. Kd3 Nc6 45. dxe5 fxe5 46. Kc3
h6 47. Bc5 Kf6 48. Bf8 Kg6 49. Bc5 Kf6 50. Kd3 b5 51. Ke3 Na5 52. b4 Nc6 53.
Kd3 Ne7 54. Ke3 Ng6 55. Kd3 Nf4+ 56. Ke3 Ne6 57. Bb6 Ke7 58. Kd3 Kd6 59. Ke3
Kc6 60. Ba5 Nd4 61. Bd8 Nc2+ 62. Kd2 Nd4 63. Ke3 Ne6 64. Bf6 Kd6 65. Bh8
1/2-1/2

[Event "ENCI Limburg-open B"]
[Site "Maastricht"]
[Date "2011.06.11"]
[Round "2"]
[White "Loose, Rob"]
[Black "Maurissen, Wim"]
[Result "1-0"]
[WhiteElo "1981"]
[BlackElo "1906"]
[PlyCount "43"]
[EventDate "2011.06.10"]
[EventType "swiss"]
[EventRounds "7"]
[EventCountry "NED"]
[Source "P.Boonen"]
[SourceDate "2012.01.01"]

1. e4 e6 2. d4 d5 3. Nc3 Bb4 4. e5 c5 5. a3 Ba5 6. b4 cxd4 7. bxa5 dxc3 8. Qg4
Ne7 9. Qxg7 Rg8 10. Qxh7 Qxa5 11. Nf3 Nbc6 12. Rb1 a6 13. h4 d4 14. Qe4 Qd5 15.
Qxd5 Nxd5 16. Bg5 b5 17. Bd3 Bd7 18. O-O f6 19. exf6 Kf7 20. Be4 Nxf6 21. Bxc6
Bxc6 22. Ne5+ 1-0

[Event "ENCI Limburg-open B"]
[Site "Maastricht"]
[Date "2011.06.11"]
[Round "2"]
[White "Machiroux, Bruno"]
[Black "Ramaekers, Philippe1"]
[Result "0-1"]
[WhiteElo "1773"]
[BlackElo "1811"]
[PlyCount "38"]
[EventDate "2011.06.10"]
[EventType "swiss"]
[EventRounds "7"]
[EventCountry "NED"]
[Source "P.Boonen"]
[SourceDate "2012.01.01"]

1. c4 f5 2. d4 Nf6 3. Nc3 g6 4. g3 Bg7 5. Bg2 O-O 6. Nf3 d6 7. O-O Nc6 8. d5
Ne5 9. Nxe5 dxe5 10. b3 f4 11. Bb2 g5 12. Ne4 Nxe4 13. Bxe4 Qe8 14. f3 Qh5 15.
g4 Qh3 16. Qe1 Bxg4 17. fxg4 Qe3+ 18. Qf2 Qxe4 19. Qf3 Qg6 0-1

[Event "ENCI Limburg-open B"]
[Site "Maastricht"]
[Date "2011.06.11"]
[Round "2"]
[White "Memeti, Kushtrim"]
[Black "Olmos Sanz, Francisco J"]
[Result "1-0"]
[WhiteElo "1830"]
[BlackElo "1761"]
[PlyCount "85"]
[EventDate "2011.06.10"]
[EventType "swiss"]
[EventRounds "7"]
[EventCountry "NED"]
[Source "P.Boonen"]
[SourceDate "2012.01.01"]

1. d4 Nf6 2. Bf4 g6 3. e3 Bg7 4. Nd2 d6 5. Ngf3 Nbd7 6. Bg3 c5 7. c3 O-O 8. Be2
b6 9. O-O Bb7 10. h3 Ne4 11. Nxe4 Bxe4 12. d5 Nf6 13. Bc4 b5 14. Bxb5 Bxd5 15.
Qe2 Qb6 16. Bd3 c4 17. Bxc4 Bxc4 18. Qxc4 Qxb2 19. Rab1 Qc2 20. Rb7 Qe4 21. Qb3
Nd5 22. Ng5 Qf5 23. f4 Nxc3 24. Re1 Ne4 25. Nxe4 Qxe4 26. Rc1 Rfc8 27. Rbc7
Rcb8 28. Qc4 Qxc4 29. R1xc4 d5 30. Ra4 e6 31. Bf2 Rb1+ 32. Kh2 a5 33. Rc5 Rb4
34. Raxa5 Rxa5 35. Rxa5 Bc3 36. Ra8+ Kg7 37. Kg3 Rb2 38. a4 h5 39. a5 Ra2 40.
a6 Kf6 41. Kf3 Ke7 42. a7 Ba5 43. Re8+ 1-0

[Event "ENCI Limburg-open B"]
[Site "Maastricht"]
[Date "2011.06.11"]
[Round "2"]
[White "Modder, Frank"]
[Black "Cromsigt, Jeroen"]
[Result "1/2-1/2"]
[WhiteElo "1901"]
[BlackElo "1902"]
[PlyCount "47"]
[EventDate "2011.06.10"]
[EventType "swiss"]
[EventRounds "7"]
[EventCountry "NED"]
[Source "P.Boonen"]
[SourceDate "2012.01.01"]

1. d4 Nf6 2. Nf3 g6 3. Nc3 d5 4. Bf4 Bg7 5. Qd2 O-O 6. Bh6 Nbd7 7. Bxg7 Kxg7 8.
e3 b6 9. Be2 Bb7 10. O-O-O c5 11. Ne5 Nxe5 12. dxe5 Nd7 13. f4 e6 14. h4 f6 15.
exf6+ Nxf6 16. h5 d4 17. exd4 Qxd4 18. Qxd4 cxd4 19. Rxd4 Bxg2 20. Rg1 Bh3 21.
hxg6 hxg6 22. Bd3 Bf5 23. Bxf5 exf5 24. Rgd1 1/2-1/2

[Event "ENCI Limburg-open B"]
[Site "Maastricht"]
[Date "2011.06.11"]
[Round "2"]
[White "Mollema, Thomas"]
[Black "Brixius, Dirk"]
[Result "0-1"]
[WhiteElo "1884"]
[BlackElo "1944"]
[PlyCount "96"]
[EventDate "2011.06.10"]
[EventType "swiss"]
[EventRounds "7"]
[EventCountry "NED"]
[Source "P.Boonen"]
[SourceDate "2012.01.01"]

1. e4 d5 2. exd5 Qxd5 3. Nc3 Qd6 4. g3 Nf6 5. Bg2 c6 6. f4 Bg4 7. Nf3 e6 8. O-O
Be7 9. d3 Nbd7 10. Qe1 Bxf3 11. Bxf3 O-O-O 12. Be3 Kb8 13. a4 h5 14. h3 Nd5 15.
Ne4 Qc7 16. c3 h4 17. g4 f6 18. b4 Nxf4 19. Bxf4 Qxf4 20. b5 c5 21. d4 cxd4 22.
cxd4 Bd6 23. Nxd6 Qxd4+ 24. Kg2 Qxd6 25. Rd1 Qg3+ 26. Qxg3+ hxg3 27. Kxg3 Ne5
28. Be4 b6 29. Rc1 Rd4 30. Bc2 Rhd8 31. Rcd1 Kc7 32. Rxd4 Rxd4 33. Rf4 Rd2 34.
Rf2 Rxf2 35. Kxf2 g5 36. Kg3 Kd6 37. Bb3 Nd3 38. h4 gxh4+ 39. Kxh4 e5 40. g5
fxg5+ 41. Kxg5 Kc5 42. Kf5 Kd4 43. Bd1 e4 44. Ke6 e3 45. Kd6 Nb2 46. Be2 Nxa4
47. Kc6 Nc3 48. Bf1 e2 0-1

[Event "ENCI Limburg-open B"]
[Site "Maastricht"]
[Date "2011.06.11"]
[Round "2"]
[White "Moog, Gerhard"]
[Black "Keetman, Dennis"]
[Result "0-1"]
[WhiteElo "1944"]
[BlackElo "1880"]
[PlyCount "44"]
[EventDate "2011.06.10"]
[EventType "swiss"]
[EventRounds "7"]
[EventCountry "NED"]
[Source "P.Boonen"]
[SourceDate "2012.01.01"]

1. e4 d5 2. exd5 Nf6 3. d4 Bg4 4. f3 Bf5 5. c4 e6 6. dxe6 Nc6 7. d5 Ne5 8. Qd4
Bd6 9. c5 Nc6 10. Qc4 Nxd5 11. cxd6 Bxe6 12. Bf4 Qf6 13. Bc1 O-O-O 14. dxc7
Kxc7 15. Nc3 Ndb4 16. Nb5+ Kd7 17. Qc5 Bf5 18. Bg5 Rde8+ 19. Ne2 Nd3+ 20. Kd1
Nxb2+ 21. Ke1 Nd3+ 22. Kd1 Qxa1+ 0-1

[Event "ENCI Limburg-open B"]
[Site "Maastricht"]
[Date "2011.06.11"]
[Round "2"]
[White "Roelofs, Iris"]
[Black "Willen, Ronny"]
[Result "1/2-1/2"]
[WhiteElo "1762"]
[BlackElo "1851"]
[PlyCount "86"]
[EventDate "2011.06.10"]
[EventType "swiss"]
[EventRounds "7"]
[EventCountry "NED"]
[Source "P.Boonen"]
[SourceDate "2012.01.01"]

1. e4 c5 2. Nf3 d6 3. d4 cxd4 4. Nxd4 Nf6 5. Nc3 g6 6. Bc4 Bg7 7. Be3 O-O 8.
Qd2 Nc6 9. O-O-O Bd7 10. f3 Ne5 11. Bb3 Qa5 12. Nd5 Qxd2+ 13. Rxd2 Nxd5 14.
Bxd5 Rab8 15. Ne2 b6 16. h4 Rfc8 17. Kb1 Nc4 18. Bxc4 Rxc4 19. h5 Rbc8 20. h6
Bf6 21. g4 Rb4 22. Nd4 Rcc4 23. Nb3 Rb5 24. Rd5 Rxd5 25. exd5 Be5 26. Rf1 Bf4
27. Re1 Bxe3 28. Rxe3 Kf8 29. Kc1 g5 30. Nd2 Rc5 31. c4 f5 32. gxf5 Bxf5 33. b3
Kf7 34. Ne4 Bxe4 35. Rxe4 Rc8 36. Kd2 Rg8 37. Re2 Rg6 38. Rh2 Rf6 39. Ke3 Rf4
40. Kf2 Kg6 41. Kg3 Kf5 42. Re2 Kf6 43. Rh2 Kf5 1/2-1/2

[Event "ENCI Limburg-open B"]
[Site "Maastricht"]
[Date "2011.06.11"]
[Round "2"]
[White "Sanen, Erwin"]
[Black "Bok, Gidius"]
[Result "1/2-1/2"]
[WhiteElo "1867"]
[BlackElo "1710"]
[PlyCount "66"]
[EventDate "2011.06.10"]
[EventType "swiss"]
[EventRounds "7"]
[EventCountry "NED"]
[Source "P.Boonen"]
[SourceDate "2012.01.01"]

1. d4 d5 2. c4 e6 3. Nf3 c5 4. cxd5 exd5 5. dxc5 Bxc5 6. e3 Nf6 7. Be2 O-O 8.
O-O Nc6 9. a3 d4 10. b4 Bb6 11. exd4 Nxd4 12. Bb2 Nxe2+ 13. Qxe2 Be6 14. Rd1
Qe7 15. Nc3 Rfe8 16. Re1 Rad8 17. Na4 Bc7 18. Nc5 Bb6 19. Nxe6 Qxe6 20. Qb5 Qc6
21. Qxc6 bxc6 22. Rxe8+ Rxe8 23. Bd4 Re4 24. Bxb6 axb6 25. Rc1 c5 26. bxc5 bxc5
27. Rxc5 Kf8 28. Rc2 Ra4 29. Ra2 Nd5 30. Ne1 Nc3 31. Ra1 Nb5 32. Nc2 Rc4 33.
Ne3 Ra4 1/2-1/2